Open Data Biblioteca Nacional de Portugal


República Portuguesa: Ministério da Cultura
Biblioteca Nacional de Portugal

Catálogo da BNP: acesso por Identificadores Unívocos
Registos Bibliográficos associados ao registo de autoridade

Etiqueta de registo: 00254nam 2200025 450
001 2103654
003 http://id.bnportugal.gov.pt/bib/catbnp/2103654
100 ## $a20220701d2018 k y0pory01030103ba
101 0# $apor$deng
102 ## $aPT
105 ## $ay m 000yy
106 ## $ar
200 1# $a As artes no xadrez da globalização$eheranças e desafios no início de um novo milénio$fAna Paula de Sousa Teixeira Ruela$gorient. Margarida Acciaiuoli
210 #9 $aLisboa$c[s.n.],$d2018
215 ## $a[20], 471 p.$d30 cm
328 #1 $aTese dout. História da Arte Contemporânea, Fac. Ciências Sociais e Humanas, Univ. Lisboa, 2018
675 ## $a7.01"20"(091)(043)$vBN$zpor$31867643
700 #1 $aRuela,$bAna Paula de Sousa Teixeira$31850929
702 #1 $aAcciaiuoli,$bMargarida,$f1948-$4727$324022
801 #0 $aPT$bBN$gRPC
856 40 $2Cópia digital disponível no Repositório Universidade Nova de Lisboa$uhttp://hdl.handle.net/10362/58085
966 ## $lBN$mFGMON$sB.A. 47941 V.$x1
971 ## $cdpenetra$d20220701
972 ## $e0$z0$d20230102$viquintas
973 ## $csteixeira$d20221226

Etiqueta de registo: 00254nam 2200025 450
001 2287818
003 http://id.bnportugal.gov.pt/bib/catbnp/2287818
010 ## $a978-989-36299-6-3
021 ## $aPT$b561945/26
100 ## $a20260612d2026 m y0pory01030103ba
101 0# $apor
102 ## $aPT
105 ## $aa z 000yy
106 ## $ar
200 1# $aFrases da lua$fPaula Ruela, Filipe Rego
205 ## $a1ª ed
210 #9 $aCaldas da Rainha$c[s.n.],$d2026
215 ## $a39 p.$cil.$d21 cm
700 #1 $aRuela,$bAna Paula de Sousa Teixeira$31850929
701 #1 $aRego,$bFilipe$4070$31251888
801 #0 $aPT$bBN$gRPC
966 ## $lBN$mFGMON$x1
971 ## $cabrito$d20260612

OpendataBNP@bnportugal.pt | Mais informação sobre acesso aos dados BNP